Jilemnický učiteľ ľudu

Bibliographic Details
Main Author: Dočkalová, Vlasta (Author)
Format: Book
Language:Slovak
PhysicalDescription:128, [2] s., [31] s. fot. príl., tb. 8°
Published: Bratislava Slovenské pedagogické nakladateľstvo 1963
Edition:1. vyd.
Subjects:

MARC

LEADER 00000cam a2200000 a 4500
001 vtls008350445
003 SK-MaSNL
005 20260302022237.0
008 230501s1963 xo o grhn 000 0bslo
015 |a SNBA1963/11-02237 
035 |a SK01SNK19630042662 
035 |a D622514C-8333-43FE-BCB5-4380873416F6 
035 |a urn:nbn:sk:snk-am00ickn 
035 |a SKM000045125 
040 |a SNK  |b slo  |c SNK  |e AACR2 
041 0 |a slo 
044 |a xo  |c SK 
072 7 |a 821.162.4.09  |x Slovenská literatúra (o nej)  |2 konspekt 
080 |a 821.162.4-051  |2 2001 
080 |a 929 Jilemnický, Peter  |2 2001 
100 1 |a Dočkalová, Vlasta  |4 aut  |9 272703 
245 1 0 |a Jilemnický  |b učiteľ ľudu  |c Vlasta Dočkalová 
250 |a 1. vyd. 
260 |a Bratislava  |b Slovenské pedagogické nakladateľstvo  |c 1963  |e Banská Bystrica  |f Tlačiarne SNP 
300 |a 128, [2] s., [31] s.  |b fot. príl., tb.  |c 8° 
366 |e 2100 výtl. 
504 |a Bibliografia na s. 118-127 
600 1 7 |a Jilemnický, Peter,  |d 1901-1949  |2 SNKMA  |9 108039 
650 0 7 |a slovenskí spisovatelia  |2 SNKPH  |9 1258 
655 7 |a biografie  |2 SNKPH  |9 27965 
852 |a Slovenská národná knižnica 
954 |a odborná, vedecká literatúra pôvodná (slovenská)  |2 lita 
958 |a TL 
958 |a BX 
958 |a NB 
958 |a RK 
958 |a OND 
958 |a EUIPO 
999 |c 1032001  |d 1033931 
952 |a SNK  |b SNK  |y VYP  |7 0  |p 17A7633124  |o snkSC 18155 D1  |i snkKSP 4344/63  |0 0  |1 0  |4 0  |d 2012-01-24  |l 0  |r 2026-02-24 13:57:41  |w 2026-02-24 
952 |a SNK  |b SNK  |y PREZ  |7 0  |p 17A0883319  |o snkSC 18155  |i snkKSP 4343/63  |0 0  |1 0  |4 0  |d 2020-05-07  |f 1  |l 0  |r 2025-07-25 00:00:00  |w 2026-02-24